The world of Odysseus / (Record no. 86064)
[ view plain ]
| 000 -LEADER | |
|---|---|
| fixed length control field | 00901nam a2200277 a 4500 |
| 001 - CONTROL NUMBER | |
| control field | 86064 |
| 003 - CONTROL NUMBER IDENTIFIER | |
| rucl marc code | BD-RjUL |
| 005 - DATE AND TIME OF LATEST TRANSACTION | |
| control field | 20260105111713.0 |
| 008 - FIXED-LENGTH DATA ELEMENTS--GENERAL INFORMATION | |
| fixed length control field | 260105s19641956enk 000 0 eng |
| 035 ## - SYSTEM CONTROL NUMBER | |
| System control number | (BD-RjUL)86064 |
| 040 ## - CATALOGING SOURCE | |
| Original cataloging agency | DLC |
| Language of cataloging | eng |
| Transcribing agency | NNepaSU |
| Modifying agency | DLC |
| -- | BD-RjUL |
| 041 ## - LANGUAGE CODE | |
| Language code of text/sound track or separate title | eng |
| 082 ## - DEWEY DECIMAL CLASSIFICATION NUMBER | |
| Classification number | 883 |
| Author mark and year | FIW 1964 |
| 100 1# - MAIN ENTRY--PERSONAL NAME | |
| Personal name | Finley, M. I. |
| Fuller form of name | (Moses I.), |
| Dates associated with a name | 1912-1986. |
| 9 (RLIN) | 17557 |
| 245 14 - TITLE STATEMENT | |
| Title | The world of Odysseus / |
| Statement of responsibility, etc. | M. I. Finley |
| 260 ## - PUBLICATION, DISTRIBUTION, ETC. (IMPRINT) | |
| Place of publication, distribution, etc. | London : |
| Name of publisher, distributor, etc. | Chatto & Windus, |
| Date of publication, distribution, etc. | 1956,[reissued 1964] |
| 300 ## - PHYSICAL DESCRIPTION | |
| Pagination | 190 p.; |
| Size | 19 cm. |
| 336 ## - CONTENT TYPE | |
| Content type term | text |
| Content type code | txt |
| Source | rdacontent |
| 337 ## - MEDIA TYPE | |
| Media type term | unmediated |
| Media type code | n |
| Source | rdamedia |
| 338 ## - CARRIER TYPE | |
| Carrier type term | volume |
| Carrier type code | nc |
| Source | rdacarrier |
| 600 00 - SUBJECT ADDED ENTRY--PERSONAL NAME | |
| Personal name | Homer. |
| Title of a work | Odyssey. |
| Personal name | Odysseus, |
| Titles and other words associated with a name | King of Ithaca (Mythological character) |
| General subdivision | In literature. |
| 650 #0 - SUBJECT ADDED ENTRY--TOPICAL TERM | |
| Topical term or geographic name as entry element | Epic poetry, Greek |
| General subdivision | History and criticism. |
| 9 (RLIN) | 17560 |
| Topical term or geographic name as entry element | Civilization, Homeric. |
| 9 (RLIN) | 17561 |
| 942 ## - ADDED ENTRY ELEMENTS (KOHA) | |
| Source of classification or shelving scheme | Dewey Decimal Classification |
| Koha item type | Books |
| Lost status | Source of classification or shelving scheme | Damaged status | Not for loan | Collection code | Permanent Location | Current Location | Shelving location | Date acquired | Source of acquisition | Total Checkouts | Full call number | Date last seen | Copy number | Koha item type |
|---|---|---|---|---|---|---|---|---|---|---|---|---|---|---|
| Dewey Decimal Classification | Not For Loan | Fiction | Central Library, University of Rajshahi | Central Library, University of Rajshahi | Reading Room | 25/03/1974 | B.N.B.C. | 883 FIW 1964 | 05/01/2026 | C-1 | Books |